000 00503nam a2200145 4500
999 _c10202
_d10202
008 180804b ||||| |||| 00| 0 eng d
022 _a2094-8042
082 _aDPer 370.105 M72 Jan-Dec 2011 v59-60
100 _930099
_aCastuciano, Kanalee G.
245 _aMeeting a class for the first time/
_cKanalee G. Castuciano.
260 _aPhilippines;
_bIn The Grade School, Inc.,
_cc2011.
300 _av60 n1, pages 11-12:
_billustrations;
_c27cm.
650 0 _930100
_aTeachers
_xTeaching.
942 _2ddc
_cPER